Theory of black hole accretion disks (Record no. 13190)

MARC details
000 -LEADER
fixed length control field 00703nam a2200217Ia 4500
003 - CONTROL NUMBER IDENTIFIER
control field IN-BaIIA
008 - FIXED-LENGTH DATA ELEMENTS--GENERAL INFORMATION
fixed length control field 211028s9999 xx 000 0 eng d
020 ## - INTERNATIONAL STANDARD BOOK NUMBER
International Standard Book Number 0-521-62362-6
040 ## - CATALOGING SOURCE
Transcribing agency IIA Library
080 ## - UNIVERSAL DECIMAL CLASSIFICATION NUMBER
Universal Decimal Classification number 524.88-43
Item number THE
100 ## - MAIN ENTRY--PERSONAL NAME
Personal name Abramowicz, M. A
9 (RLIN) 23222
245 #0 - TITLE STATEMENT
Title Theory of black hole accretion disks
Statement of responsibility, etc. M. A. Abramowicz, G. Bjornsson and J. E. Pringle
260 ## - PUBLICATION, DISTRIBUTION, ETC.
Place of publication, distribution, etc. Cambridge
Name of publisher, distributor, etc. Cambridge University Press
Date of publication, distribution, etc. 1998
300 ## - PHYSICAL DESCRIPTION
Extent xi, 293p.
490 ## - SERIES STATEMENT
Series statement Cambridge contemporary astrophysics
650 ## - SUBJECT ADDED ENTRY--TOPICAL TERM
Topical term or geographic name entry element Biography
9 (RLIN) 1224
650 ## - SUBJECT ADDED ENTRY--TOPICAL TERM
Topical term or geographic name entry element Scientists-Biography
700 ## - ADDED ENTRY--PERSONAL NAME
Personal name Bjornsson, G
9 (RLIN) 23223
700 ## - ADDED ENTRY--PERSONAL NAME
Personal name Pringle, J. E.
9 (RLIN) 13961
942 ## - ADDED ENTRY ELEMENTS (KOHA)
Koha item type Books
Holdings
Withdrawn status Lost status Damaged status Not for loan Home library Current library Shelving location Date acquired Total Checkouts Full call number Barcode Date last seen Price effective from Koha item type
        IIA Library-Bangalore IIA Library-Bangalore General Stacks     524.88-43/ THE 14108 05/11/2021   Books

Powered by Koha